=LDR 00000nam 2200000 4500 =001 INLIS000000000031057 =005 20200414113320 =035 ##$$a 0010-061300000031057 =008 200414################g##########0#ind## =041 ##$$a ind =082 ##$$a 2x1.006 =090 ##$$a 2x1.006; fz i =100 ##$$a Afzalurrahman =245 1#$$a Indeks Al-Quran /$c Afzalurrahman; Penerjemah: Drs. Ahsin W. Al-Hafidz =260 ##$$a Jakarta :$b Bumi Aksara,$c 2006 =300 ##$$a xviii,342 hlm : $b ilus ; $c 23 x 15 cm =650 #4$$a Indeks Al-Qur'an =850 ##$$a NBPNMAT =084 ##$$a 2x1.006 AFZ i =990 ##$$a 20900927 =990 ##$$a 20900928 =990 ##$$a 20900925